01503nam a2200265 a 450000100100000000500170001000800410002702000150006804000250008311100500010824503260015826001120048430000280059649000590062450000730068350400410075650400540079770000550085170000420090670000280094871000720097683000660104895201060111499900170122000004180520201002035751.0130725s1980 sp 000 0 spa d a8400079434 aDO-SdBNPbspacBNPHU2 aColloquid(1999 : 3-5 nov.cBarcelona)96867413aEl mas català durant l'Edat Mitjana i la Moderna (segles IX-XVIII) :baspectes arqueològics, històrics, geogràfics, arquitectònics i antropològics : actes del Col.loqui celebrat a Barcelona, del 3 al 5 de novembre de 1999 /ceditores María Teresa Ferrer i Mallol, Josefina Mutgé i Vives, Manuel Riu i Riu. aBarcelona :bConsejo Superior de Investigaciones Científicas, Departamento de Estudios Medievales,c1980. aXVI, 659 p. : ;c24 cm.1 aAnejos del Anuario de estudios medievales ;aAnnexv42 aIncluye referencias bibliográficas y notas al pie de las páginas aIncluye referencias bibliográficas aIncluye bibliografía a final de cada cápitulo1 aFerrer i Mallol, María Teresad1940-eed.9686751 aMutgé i Vives, Josefinaeed.9686761 aRiu, Manueleed.9660682 aConsejo Superior de Investigaciones Científicas (España)915178 0aAnejos del Anuario de estudios medievales ;pAnnexv42968499 0010507-18MOaGRbGRcOId2013-10-17iLF1l0o p41805-10r2020-06-25w2020-06-25y1ZNo se presta c41294d41294